|
|
|
|
| LEADER |
00992nam a22002297a 4500 |
| 001 |
AAL6882 |
| 003 |
BD-DhAAL |
| 005 |
20160419120200.0 |
| 008 |
160419s 2003bg ||||| |||| 00| 0 ben d |
| 020 |
|
|
|a 9844582334
|
| 040 |
|
|
|a BD-DhAAL
|c BD-DhAAL
|
| 082 |
|
|
|a 891.441709
|
| 100 |
|
|
|a শরীফ, আহমদ
|9 19125
|
| 245 |
|
|
|a মধ্যযুগের সাহিত্যে সমাজ ও সংস্কৃতির রূপ /
|c আহমদ শরীফ
|
| 260 |
|
|
|a ঢাকা :
|b সময় প্রকাশন,
|c ২০০০
|
| 300 |
|
|
|a ৩৬২ পৃ. ;
|c ২২ সে.মি.
|
| 541 |
|
|
|e 6882
|
| 650 |
|
|
|a পুঁথি সাহিত্য-ইতিহাস ও সমালোচনা
|9 19126
|
| 852 |
|
|
|a Savar Campus Library
|c General Shelf
|
| 942 |
|
|
|2 ddc
|c BK
|
| 999 |
|
|
|c 37438
|d 37438
|
| 952 |
|
|
|0 0
|1 0
|2 ddc
|4 0
|6 891_441709000000000_SHA
|7 0
|9 58785
|a SCL
|b SCL
|c GEN
|d 2016-04-19
|g 200.00
|l 1
|o 891.441709 SHA
|p 3020006882
|r 2019-07-25
|s 2019-07-21
|t 1
|w 2016-04-19
|y BK
|